000 00983nam a22002777a 4500
005 20180213141549.0
008 090728t xxu||||| |||| 00| 0 pun d
010 _aPUN- B-577987-990 B-669950
020 _c140.00
_a9788126042869
035 _aPN- B-577987-990
035 _aB-669950
037 _bDBAD / PUB
037 _bSahitya akademi
037 _bBPPD/Ven/KBD
040 _adpl
_bpn
082 _a
100 _aਰਾਏ,ਪ੍ਰਤਿਭਾ
245 _aਉਲੰਘਣ /
_cਪ੍ਰਤਿਭਾ ਰਾਏ
246 _aUllanghan
_bby Kandasami, S
260 _aNew delhi
_bSahitya Prakashan
_c2014
270 _bNew Delhi
_a35, ਫ਼ਿਰੋਜ਼ਸ਼ਾਹ ਮਾਰਗ ਨਈ ਦਿੱਲੀ
_e110001
300 4 _a308p.
_c22ਸੇਂਮੀ (ਸਜਿਲੱਦ)
942 _2ddc
_cPN
_h
_mਪ੍ਰਤਿਭਾ
999 _c88096
_d88096